| 000 | 00822cam a22002777a 4500 | ||
|---|---|---|---|
| 005 | 20220817043809.0 | ||
| 008 | 971010s1919 r 00010 d | ||
| 010 | _a84704 | ||
| 011 | _a85676 | ||
| 035 | _a96211 | ||
| 082 |
_a338.105 _bF3 1999 |
||
| 110 | _aFAO | ||
| 245 | 1 | 0 | _aAnuario de producción |
| 260 |
_aRoma : _bFAO, _c19-199 |
||
| 300 | _av | ||
| 500 | _aLa biblioteca tiene: -- v.53, 1999. | ||
| 590 |
_aBATCH-UPD _b10 _c20130110 _lUCH01 _h2115 |
||
| 590 |
_aBATCH-UPD _b10 _c20130410 _lUCH01 _h1425 |
||
| 590 |
_aBATCH-UPD _b10 _c20130914 _lUCH01 _h1122 |
||
| 590 |
_aCONVERSION _b10 _c20130109 _lUCH01 _h1347 |
||
| 650 | 1 | 4 |
_aAgricultura _xAnuarios. _91188 |
| 650 | 1 | 4 |
_aAgricultura _xEstadisticas _xAnuarios. _91420 |
| 650 | 1 | 4 |
_aCultivos _xEstadÃsticas. _930269 |
| 901 | _aBK | ||
| 905 | _aMayto Villalobos S. | ||
| 999 |
_c84704 _d84704 |
||